| 000 | 00800nam a2200241 i 4500 | ||
|---|---|---|---|
| 001 | 180853 | ||
| 003 | ES-MaACL | ||
| 005 | 20250821102028.0 | ||
| 008 | 120720s1991 sp ao |||| |dspa d | ||
| 020 | _a84-7679-199-2 | ||
| 080 | _a726.591.3/.6(460.285 T.) | ||
| 100 | 1 |
_aRío, Isabel del. _9151022 |
|
| 245 | 1 | 3 |
_aEl coro de la catedral de Toledo / _cpor Isabel del Río de la Hoz. |
| 260 |
_aMadrid : _bHistoria Viva, _c[1991] |
||
| 300 |
_aVIII, 31 p. : _bil. col. y n. ; _c24 cm. |
||
| 490 | 1 |
_aCuadernos de arte español ; _v52 |
|
| 594 | _aEn cub.: Historia 16. | ||
| 610 | 2 | 7 |
_aCatedral Primada de Toledo. _9145491 |
| 650 | 4 |
_aSillerías de coro- _zEspaña. _9149890 |
|
| 830 | 0 | 0 |
_aCuadernos de arte español _v52 _9191338 |
| 852 |
_aES-MaACL _j2314-F-28 |
||
| 999 |
_c180853 _d180853 |
||